01700cam a22002174a 4500020002500000041000800025082001500033245007600048260005100124300001300175505092200188650003601110700002401146700002301170700001801193856005901211942000701270952009401277952009401371999001701465 a9780801036231 (pbk.) aENG00a225.6bVAN00aTheological interpretation of the New Testament : A Book-by-book Survey aGrand Rapids, Mich. :bBaker Academic,cc2008. a270 p. ;0 aIntroduction: what is theological interpretation of the Bible? / Kevin J. Vanhoozer -- Matthew / Robert H. Gundry -- Mark / Thorsten Moritz -- Luke / Stephen I. Wright -- John / S.A. Cummins -- Acts / Steve Walton -- Romans / Christopher Bryan -- 1 Corinthians / David E. Garland -- 2 Corinthians / Edith M. Humphrey -- Galatians / John K. Riches -- Ephesians / Max Turner -- Philippians / N.T. Wright -- Colossians / Sylvia C. Keesmaat -- 1 Thessalonians / Charles A. Wanamaker -- 2 Thessalonians / Charles A. Wanamaker -- 1 Timothy / I. Howard Marshall -- 2 Timothy / I. Howard Marshall -- Titus / I. Howard Marshall -- Philemon / Daniel R. Streett -- Hebrews / Jon C. Laansma -- James / William R. Baker -- 1 Peter / Peter R. Rodgers -- 2 Peter / Peter H. Davids -- Johannine Epistles / I. Howard Marshall -- Jude / Peter H. Davids -- Revelation ("the apocalypse of Saint John the Divine") / Francesca Aran Murphy. aTheologyaBible - New Testament1 aVanhoozer, Kevin J.1 aTreier, Daniel J.,1 aWright, N. T.41uhttp://www.loc.gov/catdir/toc/ecip0820/2008025593.html cBK 00104070aHMIbHMIcGENd2018-11-23l0o225.6 VANp11003931r2026-01-16w2026-01-16yBK 00104070aHMIbHMIcGENd2018-11-23l0o225.6 VANp11003932r2026-01-16w2026-01-16yBK c22537d22537